01415 2200397 4500001002100000005001500021035002000036007000300056008004100059020002200100082001400122084001600136100002800152245026300180250003500443300002900478650002000507700003800527700002800565700002500593700003500618700003200653700002900685700002800714700003400742700003300776264003400809336002100843337003000864338002300894040002200917090002200939850001200961999002200973990002200995INLIS00000000087771420230403101636 a0010-0423000014ta230403s2023 yoi g 000 0 ind d a978-623-261-576-204223a809.8 a809.8 HER g0 aHeru NurintoePengarang10aGapai mimpi masuk UI :bthe story mahasiswa magister FIK UI /cHeru Nurinto, Ngakan Nyoman Rai Bawa, Nita Aprilia, Ai Aminah, Tutut Riana Hapsari, Fitri Susilowati, Dian Herdiana, Sari Nartiana, Pasti Kurnia, Anies Dewi Wiranti ; penyunting, Bramma Aji Putra aCetakan Pertama, Februari 2023 axx, 366 halaman ;c20 cm 4aKisah kehidupan0 aNgakan Nyoman Rai BawaePengarang0 aNita ApriliaePengarang0 aAi AminahePengarang0 aTutut Riana HapsariePengarang0 aFitri SusilowatiePengarang0 aDian HerdianaePengarang0 aPasti KurniaePengarang0 aAnies Dewi WirantiePengarang0 aBramma Aji PutraePenyunting31aBantul :bSamudra Biru,c2023 2rdacontentateks 2rdamediaatanpa perantara 2rdacarrieravolume aYOPDYOGbinderda aCB-D.11 2023-0162 aYOPDYOG aCB-D.11/2023-0162 aCB-D.11/2023-0162